<?xml version="1.0" encoding="UTF-8"?>
<record
    xmlns:xsi="http://www.w3.org/2001/XMLSchema-instance"
    xsi:schemaLocation="http://www.loc.gov/MARC21/slim http://www.loc.gov/standards/marcxml/schema/MARC21slim.xsd"
    xmlns="http://www.loc.gov/MARC21/slim">

  <leader>01180nam a2200265 a 4500</leader>
  <controlfield tag="001">38770</controlfield>
  <controlfield tag="003">BD-RjUL</controlfield>
  <controlfield tag="005">20211209052846.0</controlfield>
  <controlfield tag="008">160224s2000    xxu||||| |||| 00| 0 ben d</controlfield>
  <datafield tag="020" ind1=" " ind2=" ">
    <subfield code="a">8187032200</subfield>
  </datafield>
  <datafield tag="035" ind1=" " ind2=" ">
    <subfield code="a">(BD-RjUL)38879</subfield>
  </datafield>
  <datafield tag="040" ind1=" " ind2=" ">
    <subfield code="a">BD-RjUL</subfield>
    <subfield code="b">eng</subfield>
    <subfield code="c">BD-RjUL</subfield>
  </datafield>
  <datafield tag="041" ind1=" " ind2=" ">
    <subfield code="a">ben</subfield>
  </datafield>
  <datafield tag="082" ind1=" " ind2=" ">
    <subfield code="2">23</subfield>
    <subfield code="a">891.4411</subfield>
    <subfield code="b">BAU 2000</subfield>
  </datafield>
  <datafield tag="245" ind1=" " ind2=" ">
    <subfield code="a">&#x9AC;&#x9CC;&#x9A6;&#x9CD;&#x9A7;&#x997;&#x9BE;&#x9A8; &#x993; &#x9A6;&#x9CB;&#x9B9;&#x9BE; /</subfield>
    <subfield code="c">&#x9B8;&#x9AE;&#x9CD;&#x9AA;&#x9BE;&#x9A6;&#x9A8;&#x9BE;&#x9AF;&#x9BC;, &#x9B9;&#x9B0;&#x9AA;&#x9CD;&#x9B0;&#x9B8;&#x9BE;&#x9A6; &#x9B6;&#x9BE;&#x9B8;&#x9CD;&#x9A4;&#x9CD;&#x9B0;&#x9C0; ; &#x989;&#x9AA;&#x9B8;&#x9CD;&#x9A5;&#x9BE;&#x9AA;&#x9A8;&#x9C7; &#x9AC;&#x9CD;&#x9B0;&#x9B0;&#x9CD;&#x9A4;&#x9C0;&#x9A8;&#x9CD;&#x9A6;&#x9CD;&#x9B0; &#x9A8;&#x9BE;&#x9A5; &#x9AE;&#x9C1;&#x996;&#x9CB;&#x9AA;&#x9BE;&#x9A7;&#x9CD;&#x9AF;&#x9BE;&#x9AF;&#x9BC;</subfield>
  </datafield>
  <datafield tag="260" ind1=" " ind2=" ">
    <subfield code="a">&#x995;&#x9B2;&#x9BF;&#x995;&#x9BE;&#x9A4;&#x9BE; :</subfield>
    <subfield code="b">&#x9AE;&#x9B9;&#x9BE;&#x9AC;&#x9CB;&#x9A7;&#x9BF; &#x9AC;&#x9C1;&#x995; &#x98F;&#x99C;&#x9C7;&#x9A8;&#x9CD;&#x9B8;&#x9C0;,</subfield>
    <subfield code="c">&#x9E8;&#x9E6;&#x9E6;&#x9E6;</subfield>
  </datafield>
  <datafield tag="300" ind1=" " ind2=" ">
    <subfield code="a">&#x9E8;&#x9EF;&#x9EE; &#x9AA;&#x9C3;. ;</subfield>
    <subfield code="c">&#x9E8;&#x9EB; &#x9B8;&#x9C7;&#x9AE;&#x9BF;.</subfield>
  </datafield>
  <datafield tag="650" ind1=" " ind2=" ">
    <subfield code="a">&#x99A;&#x9B0;&#x9CD;&#x9AF;&#x9BE;&#x997;&#x9C0;&#x9A4;&#x9BF; </subfield>
    <subfield code="9">119601</subfield>
  </datafield>
  <datafield tag="650" ind1=" " ind2=" ">
    <subfield code="a">&#x9AC;&#x9BE;&#x982;&#x9B2;&#x9BE; &#x9B8;&#x9BE;&#x9B9;&#x9BF;&#x9A4;&#x9CD;&#x9AF;</subfield>
    <subfield code="9">119616</subfield>
  </datafield>
  <datafield tag="650" ind1=" " ind2=" ">
    <subfield code="a">Cary&#x101;g&#x12B;ti </subfield>
    <subfield code="9">119602</subfield>
  </datafield>
  <datafield tag="650" ind1=" " ind2=" ">
    <subfield code="a">Bengali Literature</subfield>
    <subfield code="9">119617</subfield>
  </datafield>
  <datafield tag="700" ind1=" " ind2=" ">
    <subfield code="a">&#x9B6;&#x9BE;&#x9B8;&#x9CD;&#x9A4;&#x9CD;&#x9B0;&#x9C0;, &#x9B9;&#x9B0;&#x9AA;&#x9CD;&#x9B0;&#x9B8;&#x9BE;&#x9A6;, &#x9B8;&#x9AE;&#x9CD;&#x9AA;&#x9BE;.</subfield>
    <subfield code="9">119603</subfield>
  </datafield>
  <datafield tag="700" ind1=" " ind2=" ">
    <subfield code="a"> &#x9AE;&#x9C1;&#x996;&#x9CB;&#x9AA;&#x9BE;&#x9A7;&#x9CD;&#x9AF;&#x9BE;&#x9AF;&#x9BC;, &#x9AC;&#x9CD;&#x9B0;&#x9B0;&#x9CD;&#x9A4;&#x9C0;&#x9A8;&#x9CD;&#x9A6;&#x9CD;&#x9B0; &#x9A8;&#x9BE;&#x9A5;</subfield>
    <subfield code="9">119604</subfield>
  </datafield>
  <datafield tag="942" ind1=" " ind2=" ">
    <subfield code="2">ddc</subfield>
    <subfield code="c">BK</subfield>
    <subfield code="0">2</subfield>
  </datafield>
  <datafield tag="999" ind1=" " ind2=" ">
    <subfield code="c">38770</subfield>
    <subfield code="d">38770</subfield>
  </datafield>
  <datafield tag="952" ind1=" " ind2=" ">
    <subfield code="0">0</subfield>
    <subfield code="1">0</subfield>
    <subfield code="2">ddc</subfield>
    <subfield code="4">0</subfield>
    <subfield code="7">0</subfield>
    <subfield code="8">NFIC</subfield>
    <subfield code="a">RUCL</subfield>
    <subfield code="b">RUCL</subfield>
    <subfield code="c">Stack</subfield>
    <subfield code="d">2008-05-10</subfield>
    <subfield code="e">&#x9A2;&#x9BE;&#x995;&#x9BE;, &#x9AA;&#x9CD;&#x9AF;&#x9BE;&#x9B0;&#x9BE;&#x997;&#x9A8; &#x98F;&#x9A8;&#x9CD;&#x99F;&#x9BE;&#x9B0;&#x9AA;&#x9CD;&#x9B0;&#x9BE;&#x987;&#x99C;</subfield>
    <subfield code="g">300.00</subfield>
    <subfield code="l">2</subfield>
    <subfield code="o">B 891.4411 BAU 2000</subfield>
    <subfield code="r">2018-08-06 00:00:00</subfield>
    <subfield code="s">2018-07-26</subfield>
    <subfield code="t">C-2</subfield>
    <subfield code="w">2016-02-24</subfield>
    <subfield code="y">BK</subfield>
  </datafield>
  <datafield tag="952" ind1=" " ind2=" ">
    <subfield code="0">0</subfield>
    <subfield code="1">0</subfield>
    <subfield code="2">ddc</subfield>
    <subfield code="4">0</subfield>
    <subfield code="7">0</subfield>
    <subfield code="8">NFIC</subfield>
    <subfield code="a">RUCL</subfield>
    <subfield code="b">RUCL</subfield>
    <subfield code="c">Stack</subfield>
    <subfield code="d">2008-05-10</subfield>
    <subfield code="e">&#x9A2;&#x9BE;&#x995;&#x9BE;, &#x9AA;&#x9CD;&#x9AF;&#x9BE;&#x9B0;&#x9BE;&#x997;&#x9A8; &#x98F;&#x9A8;&#x9CD;&#x99F;&#x9BE;&#x9B0;&#x9AA;&#x9CD;&#x9B0;&#x9BE;&#x987;&#x99C;</subfield>
    <subfield code="g">300.00</subfield>
    <subfield code="l">1</subfield>
    <subfield code="o">B 891.4411 BAU 2000</subfield>
    <subfield code="r">2018-08-14 00:00:00</subfield>
    <subfield code="s">2018-08-09</subfield>
    <subfield code="t">C-3</subfield>
    <subfield code="w">2016-02-24</subfield>
    <subfield code="y">BK</subfield>
  </datafield>
  <datafield tag="952" ind1=" " ind2=" ">
    <subfield code="0">0</subfield>
    <subfield code="1">0</subfield>
    <subfield code="2">ddc</subfield>
    <subfield code="4">0</subfield>
    <subfield code="7">1</subfield>
    <subfield code="8">NFIC</subfield>
    <subfield code="a">RUCL</subfield>
    <subfield code="b">RUCL</subfield>
    <subfield code="c">Reading</subfield>
    <subfield code="d">2008-05-10</subfield>
    <subfield code="e">&#x9A2;&#x9BE;&#x995;&#x9BE;, &#x9AA;&#x9CD;&#x9AF;&#x9BE;&#x9B0;&#x9BE;&#x997;&#x9A8; &#x98F;&#x9A8;&#x9CD;&#x99F;&#x9BE;&#x9B0;&#x9AA;&#x9CD;&#x9B0;&#x9BE;&#x987;&#x99C;</subfield>
    <subfield code="g">300.00</subfield>
    <subfield code="l">0</subfield>
    <subfield code="o">B 891.4411 BAU 2000</subfield>
    <subfield code="r">2016-02-24 00:00:00</subfield>
    <subfield code="t">C-1</subfield>
    <subfield code="w">2016-02-24</subfield>
    <subfield code="y">BK</subfield>
  </datafield>
  <datafield tag="952" ind1=" " ind2=" ">
    <subfield code="0">0</subfield>
    <subfield code="1">0</subfield>
    <subfield code="2">ddc</subfield>
    <subfield code="4">0</subfield>
    <subfield code="7">0</subfield>
    <subfield code="8">NFIC</subfield>
    <subfield code="a">RUCL</subfield>
    <subfield code="b">RUCL</subfield>
    <subfield code="c">Stack</subfield>
    <subfield code="d">2008-05-10</subfield>
    <subfield code="e">Paragon Enterprise Lit., Dhaka</subfield>
    <subfield code="g">300.00</subfield>
    <subfield code="l">1</subfield>
    <subfield code="o">B 891.4411 BAU 2000</subfield>
    <subfield code="r">2017-04-17 00:00:00</subfield>
    <subfield code="s">2017-04-01</subfield>
    <subfield code="t">C-4</subfield>
    <subfield code="w">2016-08-13</subfield>
    <subfield code="y">BK</subfield>
  </datafield>
  <datafield tag="952" ind1=" " ind2=" ">
    <subfield code="0">0</subfield>
    <subfield code="1">0</subfield>
    <subfield code="2">ddc</subfield>
    <subfield code="4">0</subfield>
    <subfield code="7">0</subfield>
    <subfield code="8">NFIC</subfield>
    <subfield code="a">RUCL</subfield>
    <subfield code="b">RUCL</subfield>
    <subfield code="c">Stack</subfield>
    <subfield code="d">2008-05-10</subfield>
    <subfield code="e">Paragon Enterprise Lit., Dhaka</subfield>
    <subfield code="g">300.00</subfield>
    <subfield code="l">3</subfield>
    <subfield code="o">B 891.4411 BAU 2000</subfield>
    <subfield code="r">2017-12-27 00:00:00</subfield>
    <subfield code="s">2017-12-18</subfield>
    <subfield code="t">C-5</subfield>
    <subfield code="w">2016-08-13</subfield>
    <subfield code="y">BK</subfield>
  </datafield>
</record>
